OWCS - World Champion Rosters - Statistics

General Stats
  • This quiz has been taken 4 times
  • The average score is 13 of 15
Answer Stats
Year Team Role Player % Correct
2024 Team Falcons Damage icon ChiYo
100%
2024 Team Falcons Damage icon Fielder
100%
2025 Twisted Minds Damage icon FunnyAstro
100%
2024 Team Falcons Damage icon Hanbin
100%
2025 Twisted Minds Damage icon KSAA
100%
2024 Team Falcons Damage icon Proper
100%
2025 Twisted Minds Damage icon Simple
100%
2024 Team Falcons Damage icon smurf
100%
2024 Team Falcons Damage icon Stalk3r
100%
2025 Twisted Minds Damage icon Youbi
100%
2025 Twisted Minds Damage icon Quartz
75%
2025 Twisted Minds Damage icon Seicoe
75%
2024 Team Falcons Damage icon SirMajed
75%
2025 Twisted Minds Damage icon TVNT
75%
2024 Team Falcons Damage icon Happy
25%
No matching quizzes found
Score Distribution
Percent of People with Each Score
Percentile by Number Answered
Your Score History
You have not taken this quiz